000 01366nam0a22003131 4500
001 rc\3312047
005 20260407122931.0
021 _aRU
_b72-13173
021 _aRU
_bРг8447-72
035 _a(NLR Aleph) 007414973
090 _a6855107
_c6855107
100 _a20130115d1971 |||y0rusy50 ca
101 0 _arus
102 _aRU
105 _ay z |||||
200 1 _aПрофилактика гриппа
210 _aОдесса
_cБ. и.
_d1971
215 _a[1], 10 с.
_d21
225 1 _aОдесская областная организация общества "Знание". Одесский н/п ин-т вирусологии и эпидемиологии имени И.И. Мечникова. Областной дом санитарного просвещения. Материал в помощь лектору
300 _aВ вып. дан. авт.: кандидаты мед. наук Н.В. Думкина, Г.В. Коробицына
320 _aБиблиогр.: с. 9-10
700 1 _aДумкина
_bН.В.
701 1 _aКоробицына
_bГ.В.
712 0 2 _a"Знание", общество УССР
_cКиев
_bОдесское областное отделение
_3RU\NLR\AUTH\889960568
_9417415
801 0 _aRU
_bNLR
_gpsbo
801 1 _aRU
_bELAR
_2rusmarc
852 _aNLR
_j72-4/13644
942 _cBOOK
980 _aNB